[Event "Navarra-chT"]
[Site "Navarra"]
[Date "2016.10.22"]
[Round "3.7"]
[White "Gonzalez Etayo, Oihana"]
[Black "Echarri Fernandez, Francisco Javier"]
[Result "1-0"]
[WhiteElo "1811"]
[BlackElo "1662"]
[PlyCount "59"]
[EventDate "2016.10.08"]
[EventType "team-tourn"]
[EventRounds "7"]
[EventCountry "ESP"]
[SourceTitle "CBM 175 Extra"]
[Source "ChessBase"]
[SourceDate "2016.12.12"]
[SourceVersion "1"]
[SourceVersionDate "2016.12.12"]
[SourceQuality "1"]
[WhiteTeam "Paz de Ziganda"]
[BlackTeam "Mikel Gurea"]
[WhiteTeamCountry "ESP"]
[BlackTeamCountry "ESP"]

1. d4 d5 2. c4 e6 3. Nc3 Nf6 4. Bg5 Nbd7 5. Nf3 c6 6. e3 Qa5 7. Bxf6 Nxf6 8. Bd3 Bb4 9. 0-0 Bxc3 10. bxc3 dxc4 11. Bxc4 Qxc3 12. Rc1 Qa3 13. Ne5 0-0 14. Rb1 Ne4 15. Qc2 f5 16. Bd3 Nf6 17. Rb3 Qe7 18. Rfb1 Ng4 19. Nxg4 fxg4 20. Bxh7+ Kh8 21. Bg6 Qg5 22. Be4 a5 23. Rc3 Rf6 24. Rc5 Qh6 25. Qe2 g6 26. Qxg4 Ra7 27. Rg5 Kg7 28. h4 Kf7 29. h5 e5 30. hxg6+ 1-0

[Event "Pamplona Navarro-ch"]
[Site "Pamplona"]
[Date "2015.04.18"]
[Round "2"]
[White "Bayo Milagro, Alvaro"]
[Black "Echarri Fernandez, Francisco Javier"]
[Result "1-0"]
[WhiteElo "2030"]
[BlackElo "1705"]
[PlyCount "39"]
[EventDate "2015.04.11"]
[EventType "swiss"]
[EventRounds "8"]
[EventCountry "ESP"]
[SourceTitle "EXT 2016"]
[Source "ChessBase"]
[SourceDate "2015.10.08"]
[SourceVersion "1"]
[SourceVersionDate "2015.10.08"]
[SourceQuality "1"]

1. e4 d6 2. d4 Nf6 3. Nc3 g6 4. f4 Bg7 5. Nf3 c5 6. dxc5 Qa5 7. Bd3 Qxc5 8. Qe2 Bg4 9. Be3 Qb4 10. 0-0 Qxb2 11. Nb5 Qb4 12. Nc7+ Kd7 13. Rab1 Qa5 14. Nxa8 Nc6 15. Rxb7+ Kd8 16. Rb5 Bxf3 17. Qxf3 Qa4 18. e5 Nd4 19. Rb8+ Kd7 20. Qb7+ 1-0